[Event "Posadas Misionera op"]
[Site "Posadas"]
[Date "2022.08.13"]
[Round "1"]
[White "Molina, Vicente"]
[Black "Aramendi, Jorge Luis"]
[Result "1/2-1/2"]
[WhiteElo "1726"]
[BlackElo "1316"]
[PlyCount "129"]
[EventDate "2022.08.13"]
[EventType "swiss"]
[EventRounds "6"]
[EventCountry "ARG"]
[SourceTitle "EXT 2023"]
[Source "ChessBase"]
[SourceDate "2022.10.05"]
[SourceVersion "1"]
[SourceVersionDate "2022.10.05"]
[SourceQuality "1"]

1. e4 c6 2. d4 d5 3. e5 Bf5 4. Nf3 h6 5. Bd3 Bxd3 6. Qxd3 e6 7. Nbd2 Ne7 8. Nf1 Ng6 9. h4 Ne7 10. Ng3 Nd7 11. 0-0 Qc7 12. Re1 c5 13. c3 Nc6 14. a3 cxd4 15. cxd4 Be7 16. b4 Nb6 17. Be3 Nc4 18. Ra2 b5 19. Nh5 Rg8 20. Qh7 Kd7 21. Nxg7 Rh8 22. Qd3 Rag8 23. Nh5 Rg6 24. Nf4 Rg7 25. Kf1 Qd8 26. g3 Qb6 27. Bd2 a5 28. Rb1 Nxd2+ 29. Qxd2 axb4 30. axb4 Rc8 31. Nd3 Nxd4 32. Nc5+ Bxc5 33. bxc5 Nxf3 34. Qxh6 Rg6 35. Qe3 Nh2+ 36. Kg2 Ng4 37. cxb6 Nxe3+ 38. fxe3 Rc5 39. Ra7+ Kc6 40. b7 Kc7 41. b8Q+ Kxb8 42. Rxf7 Rg4 43. Re7 Re4 44. Rxe6 Rxe3 45. Rb6+ Kc7 46. R6xb5 Rc2+ 47. Kh3 Rxe5 48. Rb7+ Kd6 49. R1b6+ Kc5 50. Rg6 Kd4 51. Rg4+ Kd3 52. Rg5 Kd4 53. Rf7 Rce2 54. Rxe5 Rxe5 55. g4 Kc3 56. g5 d4 57. g6 Re1 58. Kg2 d3 59. g7 d2 60. g8Q Re2+ 61. Kf3 d1Q 62. Qc8+ Kb2 63. Rb7+ Ka1 64. Qc3+ Rb2+ 65. Kf4 1/2-1/2

[Event "Misiones op"]
[Site "Misiones"]
[Date "2022.07.09"]
[Round "1"]
[White "Aramendi, Jorge Luis"]
[Black "Oses, Wilmer"]
[Result "0-1"]
[WhiteElo "1351"]
[BlackElo "1888"]
[PlyCount "36"]
[EventDate "2022.07.09"]
[EventType "swiss"]
[EventRounds "6"]
[EventCountry "ARG"]
[SourceTitle "CBM 209 Extra"]
[Source "ChessBase"]
[SourceDate "2022.09.30"]
[SourceVersion "1"]
[SourceVersionDate "2022.09.30"]
[SourceQuality "1"]

1. e4 Nf6 2. d3 d5 3. Nd2 dxe4 4. dxe4 e5 5. Ngf3 Bg4 6. Bc4 Bd6 7. 0-0 0-0 8. Re1 Nc6 9. c3 Qe7 10. Bd3 Nd8 11. Nf1 Ne6 12. Ne3 Nf4 13. Bf1 Bc5 14. h3 Rad8 15. Qb3 Bxf3 16. gxf3 N6h5 17. Kh2 Qh4 18. Nf5 Bxf2 0-1